A Fujifilm (Hungary) Kft vagyoni-, pénzügyi és jövedelmezőségi helyzetének elemzése több év beszámolója alapján

Bibliográfiai részletek
Szerző: Garami Fanni
További közreműködők: Sisa Dr Krisztina A.
Dokumentumtípus: Diplomadolgozat
Kulcsszavak:Elemzés
Beszámoló
Számvitel
Online Access:http://dolgozattar.uni-bge.hu/14469

MARC

LEADER 00000nta a2200000 i 4500
001 dolg14469
005 20171218123954.0
008 171218suuuu hu om 000 hun d
040 |a BGE Dolgozattár Repozitórium  |b hun 
041 |a hu 
100 1 |a Garami Fanni 
245 1 2 |a A Fujifilm (Hungary) Kft vagyoni-, pénzügyi és jövedelmezőségi helyzetének elemzése több év beszámolója alapján  |c Garami Fanni  |h [elektronikus dokumentum] 
695 |a Elemzés 
695 |a Beszámoló 
695 |a Számvitel 
700 1 |a Sisa Dr Krisztina A.  |e ths 
856 4 0 |u http://dolgozattar.uni-bge.hu/14469/1/Garami%20Fanni%20-%20Szakdolgozat%20final.pdf  |z Dokumentum-elérés 
856 4 0 |u http://dolgozattar.uni-bge.hu/14469/7/Titkos%C3%ADt%C3%A1si%20k%C3%A9relem.pdf  |z Dokumentum-elérés